Statistics for Find the Chomiks Relams

Click here to take the quiz!

General Stats

  • This quiz has been taken 11 times
  • The average score is 21 of 36

Answer Stats

HintAnswer% Correct
Starting RealmMain Realm
100%
Revamp Realm
90%
Ao
80%
Backrooms
80%
Desolate Island
80%
RGB
80%
Amethyst Abyss
70%
Black Hole Realm
70%
Casino
70%
Celestial Dome
70%
Cyber Zone
70%
Fragmented Domain
70%
Frigid Outskirts
70%
Grayscale Realm
70%
Realmikh
70%
Heaven
70%
Mechanical Mangrove
70%
Nexus
70%
Opposite World
70%
The World Tree
70%
Deep Abyss
60%
Recollection
60%
Vermilion Void
60%
Kotek Realm
50%
Stellar Conductor
50%
The Abyss
50%
Confined Existence
40%
Coming SoonCrescent Megalopolis
40%
Empty Baseplate
40%
RealmikObby Realm
40%
RealmikSteampunk
40%
RealmikTime Realm
40%
RealmikOcean
30%
Trollhatton
20%
Realmik[CONTENT DELETED]
10%
Realmik/ Coming SoonTrollgehatton
10%

Score Distribution

Percentile by Number Answered

Percent of People with Each Score

Your Score History

You have not taken this quiz